| 000 | 00515nam a2200157 i 4500 | ||
|---|---|---|---|
| 001 | 114761 | ||
| 003 | ES-MaACL | ||
| 005 | 20230906190238.0 | ||
| 007 | t| | ||
| 008 | 070323s1920 it ||||1| ita d | ||
| 100 | 1 |
_aRignano, Eugenio. _997209 |
|
| 245 | 1 | 3 |
_aIl finalismo della vita _b: conferenza tenuta all'Athénée di Ginevra e al Collegio di Francia il 20 e 24 aprile 1920 / _cEugenio Rignano. |
| 260 |
_aBologna : _bNicola Zanichelli, _c[1920] |
||
| 300 |
_a51 p. ; _c24 cm. |
||
| 852 |
_aES-MaACL _j1599-F-2 |
||
| 999 |
_c114761 _d114761 |
||